<?xml version="1.0" encoding="UTF-8"?>
<collection xmlns="http://www.loc.gov/MARC21/slim">
<record>
  <controlfield tag="001">7579</controlfield>
  <controlfield tag="005">20250408181542.0</controlfield>
  <datafield tag="024" ind1="7" ind2=" ">
    <subfield code="a">10.20341/gb.2025.001</subfield>
    <subfield code="2">DOI</subfield>
  </datafield>
  <datafield tag="037" ind1=" " ind2=" ">
    <subfield code="a">SCART-2025-0131</subfield>
  </datafield>
  <datafield tag="100" ind1=" " ind2=" ">
    <subfield code="a">Camelbeeck, Thierry</subfield>
  </datafield>
  <datafield tag="245" ind1=" " ind2=" ">
    <subfield code="a">The 1965–1970 seismic episode in the Hainaut coal basin (Belgium): a key period to analyse the triggered nature of a century-long seismic activity</subfield>
  </datafield>
  <datafield tag="260" ind1=" " ind2=" ">
    <subfield code="c">2025</subfield>
  </datafield>
  <datafield tag="520" ind1=" " ind2=" ">
    <subfield code="a">Damaging earthquakes happened in the Hainaut coal basin (Belgium) in the 19th and 20th centuries but stopped after coal mining. We relocated 54 Hainaut earthquakes of the period 1965 and 1985 by using regional and local seismic phase measurements from recordings in and around Belgium. These new results finalise the Hainaut earthquake catalogue, derived from macroseismic data for the 1887–1965 period and instrumental records after 1965. This updated database allows us to discuss the origin of this intriguing seismicity. Computed focal depths show that the strongest earthquakes before 1985 occurred inside the Upper Palaeozoic part of the Brabant Parautochton, probably below the deepest parts of the coal mines. The shallowness of this seismicity, its spatial link with the coal basin, the compressive to strike-slip focal mechanisms of the stronger earthquakes between 1965 and 1985 and the large quantity of coal mass removal all match with worldwide observations of miningtriggered earthquakes. The earthquake mechanisms agree with the local, compressive to transpressive stress regime derived from differences in upper crustal density and topography that make the Hainaut area more sensitive to fault reactivation at shallow depths, as observed in similar tectonic settings elsewhere in the world. </subfield>
  </datafield>
  <datafield tag="594" ind1=" " ind2=" ">
    <subfield code="a">NO</subfield>
  </datafield>
  <datafield tag="653" ind1="1" ind2=" ">
    <subfield code="a">early-instrumental</subfield>
  </datafield>
  <datafield tag="653" ind1="1" ind2=" ">
    <subfield code="a">earthquake relocation</subfield>
  </datafield>
  <datafield tag="653" ind1="1" ind2=" ">
    <subfield code="a">focal mechanism</subfield>
  </datafield>
  <datafield tag="653" ind1="1" ind2=" ">
    <subfield code="a">local stress analysis</subfield>
  </datafield>
  <datafield tag="653" ind1="1" ind2=" ">
    <subfield code="a">triggered seismicity</subfield>
  </datafield>
  <datafield tag="653" ind1="1" ind2=" ">
    <subfield code="a">coal mining</subfield>
  </datafield>
  <datafield tag="653" ind1="1" ind2=" ">
    <subfield code="a">Hainaut</subfield>
  </datafield>
  <datafield tag="653" ind1="1" ind2=" ">
    <subfield code="a">Belgium  </subfield>
  </datafield>
  <datafield tag="700" ind1=" " ind2=" ">
    <subfield code="a">Van Noten, Koen</subfield>
  </datafield>
  <datafield tag="700" ind1=" " ind2=" ">
    <subfield code="a">Lecocq, Thomas</subfield>
  </datafield>
  <datafield tag="773" ind1=" " ind2=" ">
    <subfield code="p">Geologica Belgica</subfield>
    <subfield code="v">28</subfield>
    <subfield code="y">2025</subfield>
    <subfield code="n">1</subfield>
    <subfield code="c">1-23</subfield>
  </datafield>
  <datafield tag="856" ind1="0" ind2=" ">
    <subfield code="f">koen.vannoten@ksb-orb.be</subfield>
  </datafield>
  <datafield tag="856" ind1="4" ind2=" ">
    <subfield code="s">1943650</subfield>
    <subfield code="u">http://publi2-as.oma.be/record/7579/files/Focal mechanisms and local stresses active in the Hainaut region.png</subfield>
    <subfield code="y">Fault-plane solutions of the largest earthquakes in the Hainaut coal mining region in relation to the 2nd derivative of the geoid.  The lower figure shows the strong relation between seismic activity (dots) and total coal production produced by all concessions in Hainaut coal area since 1896.</subfield>
  </datafield>
  <datafield tag="856" ind1="4" ind2=" ">
    <subfield code="s">16087</subfield>
    <subfield code="u">http://publi2-as.oma.be/record/7579/files/Focal mechanisms and local stresses active in the Hainaut region.gif?subformat=icon</subfield>
    <subfield code="x">icon</subfield>
    <subfield code="y">Fault-plane solutions of the largest earthquakes in the Hainaut coal mining region in relation to the 2nd derivative of the geoid.  The lower figure shows the strong relation between seismic activity (dots) and total coal production produced by all concessions in Hainaut coal area since 1896.</subfield>
  </datafield>
  <datafield tag="856" ind1="4" ind2=" ">
    <subfield code="s">18014</subfield>
    <subfield code="u">http://publi2-as.oma.be/record/7579/files/Focal mechanisms and local stresses active in the Hainaut region.jpg?subformat=icon-180</subfield>
    <subfield code="x">icon-180</subfield>
    <subfield code="y">Fault-plane solutions of the largest earthquakes in the Hainaut coal mining region in relation to the 2nd derivative of the geoid.  The lower figure shows the strong relation between seismic activity (dots) and total coal production produced by all concessions in Hainaut coal area since 1896.</subfield>
  </datafield>
  <datafield tag="905" ind1=" " ind2=" ">
    <subfield code="a">published in</subfield>
  </datafield>
  <datafield tag="980" ind1=" " ind2=" ">
    <subfield code="a">REFERD</subfield>
  </datafield>
</record>
</collection>